00468cam a22001572 4500001001100000005001700011008004100028020001700069040001500086050001800101100003800119245006000157260003900217300001800256650003600274000000165420151217151823.0070321s xx 000 0 eng d a0050557895 : aKABUcKABU 0aHD30.28b.B681 aBourgeois, 111, L. J.@000015058410aStrategic management :bfrom concept to implementation. aFort Worth :bDryden Press,c1996. axxiii, 984 p. 0aStrategic planning.@0000150576